University Home | Library Home | Institutional Repository

Dusk-gloaming mirrors and castle-winding dreams : (Record no. 138613)

MARC details
000 -LEADER
fixed length control field 00734cam8a220024100 4500
001 - CONTROL NUMBER
control field lce03046728
003 - CONTROL NUMBER IDENTIFIER
control field DLC
005 - DATE AND TIME OF LATEST TRANSACTION
control field 20190823082735.0
008 - FIXED-LENGTH DATA ELEMENTS--GENERAL INFORMATION
fixed length control field 930727s1994 cau 000 0 eng
010 ## - LIBRARY OF CONGRESS CONTROL NUMBER
LC control number 93031164
020 ## - INTERNATIONAL STANDARD BOOK NUMBER
Terms of availability
Field link and sequence number .95
035 ## - SYSTEM CONTROL NUMBER
System control number (Sirsi) r44388
035 ## - SYSTEM CONTROL NUMBER
System control number (DLC) 93031164
035 ## - SYSTEM CONTROL NUMBER
System control number (UPRA)lce03046728
040 ## - CATALOGING SOURCE
Original cataloging agency DLC
Transcribing agency DLC
Modifying agency DLC
050 00 - LIBRARY OF CONGRESS CALL NUMBER
Classification number PS3573.A472283
Item number D87 1994
082 00 - DEWEY DECIMAL CLASSIFICATION NUMBER
Classification number 811/.54
Edition number 20
100 1# - MAIN ENTRY--PERSONAL NAME
Personal name Walter, Hugo, 1959-
Dates associated with a name Walter, Hugo, 1959-
Linkage A1941.1
245 10 - TITLE STATEMENT
Title Dusk-gloaming mirrors and castle-winding dreams :
Remainder of title poems /
Statement of responsibility, etc. by Hugo G. Walter.
260 ## - PUBLICATION, DISTRIBUTION, ETC.
Place of publication, distribution, etc. Santa Barbara, Calif. :
Name of publisher, distributor, etc. Fithian Press,
Date of publication, distribution, etc. 1994.
949 ## - LOCAL PROCESSING INFORMATION (OCLC)
a PS3573.A472283
w lcc
i -55267
m MAIN
t BOOK
l ON-SHELF

No items available.

© 2026 - The University of Zambia Library - Koha v25.11